00379 a2200109 4500001001000000005001700010008004100027245010800068100002400176773005200200999001700252ART_1916320260410161704.0260409a 10aRetención y percepción de ingresos brutos CABA a pequeños contribuyentes del regimen simplificado1 aSantacruz, Lidia M.0 tRevista Impuestosg- Nº 13 (jul. 2009)wREV639 c15488d15488